00751nam a2200193 a 4500008004100000020001500041050001700056100002300073245006200096260004600158300002000204350000900224650001800233650002500251650003800276995010100314999001700415952012500432090319s2003 ||||||||||||||||| || u a1901769097 aQR 414.6 Hum aRichman, Douglas D10aHuman immunodeficiency viruscedited by Douglas D Richard aLondonbInternational Medical Pressc2003 avarious pagings a0.00 aHIV (VIRUSES) aMEDICAL MICROBIOLOGY aHIV INFECTIONS--MOLECULAR ZSPECTS D0.00FCBU-MAIN LIBRARY (Kitwe)H1I0.00M1UAVAILABLEWApr 22, 2009ZAnnex Low-Usage Collection  c45910d45910 00102lcc4070a001b001cAnnex Low-Usage Collection d2022-11-30l0oQR 414.6 Hump739879r2022-11-30w2022-11-30y002